Core radiology : a visual approach to diagnostic imaging / (رقم التسجيلة. 86714)

تفاصيل مارك
000 -الفاتح
حقل البيانات ثابتة الطول 00978nam a22002657a 4500
003 - محدد رقم الضبط
رقم الضبط OSt
005 - وقت وتاريخ اخر تعامل مع التسجيلة
رقم الضبط 20250614144620.0
008 - عناصر البيانات ثابتة الطول - معلومات عامة
حقل البيانات ثابتة الطول 250614b 2021us a|||| i||| 00| 0 eng d
020 ## - الرقم الدولى المعيارى للكتب
الرقم الدولى المعيارى للكتاب 9781108965910
020 ## - الرقم الدولى المعيارى للكتب
الرقم الدولى المعيارى للكتاب 9781108984447
040 ## - مصدر الفهرسة
وكالة الفهرسة الأصلية Ma-Un
وكالة النسخ Ma-Un
082 ## - رقم تصنيف ديوى العشرى
رقم الطبعة 22
رقم التصنيف 543.08585
رقم المادة SEC
100 ## - المدخل الرئيسى - إسم شخصى
رمز الرابط Sun, Ellen X
245 ## - بيان العنوان
العنوان Core radiology : a visual approach to diagnostic imaging /
بيان المسئوليه,etc Ellen X. Sun Junzi Shi, Jacob Mandell
250 ## - بيان الطبعة
بيان الطبعة Second edition
260 ## - PUBLICATION, DISTRIBUTION, ETC. (IMPRINT)
مكان الناشر او الموزع New York :
اسم الناشر او الموزع Cambridge :
تاريخ النشر أو التوزيع 2021
300 ## - الوصف المادى
التعداد 2 volumes : illustrations (black and white, and colour); 28 cm
500 ## - تبصرة عامة
تبصرة عامة Volume 1: 1. Thorasic Imaging<br/>2. Gastrointestinal Imaging<br/>3. Genitourinary Imaging<br/>4. Obstetrical Imaging<br/>5. Breast Imaging
650 ## - المدخل الاضافى بالموضوع-مصطلح موضوعى
مصطلح موضوعي أو اسم جغرافي كعنصر مدخل Diagnostic Imaging
9 (RLIN) 119949
650 ## - المدخل الاضافى بالموضوع-مصطلح موضوعى
مصطلح موضوعي أو اسم جغرافي كعنصر مدخل Diagnostic Imaging
التقسيم الفرعي العام Imagerie pour le diagnostic
9 (RLIN) 119950
650 ## - المدخل الاضافى بالموضوع-مصطلح موضوعى
مصطلح موضوعي أو اسم جغرافي كعنصر مدخل Radiography, Medical
700 ## - المدخل الاضافى - اسم شخصى
الإسم الشخصى Shi, Junzi
9 (RLIN) 119951
700 ## - المدخل الاضافى - اسم شخصى
الإسم الشخصى Mandell, Jacob
9 (RLIN) 119952
942 ## - عناصر المدخل الإضافي( كوها)
مصدر التصنيف او مخطط الترفيف Dewey Decimal Classification
Koha [default] item type كتاب

لا توجد مواد متاحة.